Welcome to the Holygrace Academy Library

Please use search bar below to get started

EMPIRE OF STORMS (Record no. 8615)

MARC details
000 -LEADER
fixed length control field 00658nam a22001697a 4500
020 ## - INTERNATIONAL STANDARD BOOK NUMBER
ISBN 978-1-4088-8670-0
082 ## - DEWEY DECIMAL CLASSIFICATION NUMBER
Classification number 823
Item number MAA/E
100 ## - MAIN ENTRY--AUTHOR NAME
Personal name MAAS, SARAH J
245 ## - TITLE STATEMENT
Title EMPIRE OF STORMS
246 ## - VARYING FORM OF TITLE
Title proper/short title EMPIRE OF STORMS
Remainder of title EMPIRE OF STORMS
260 ## - PUBLICATION, DISTRIBUTION, ETC. (IMPRINT)
Place of publication LONDON
Name of publisher BLOOMSBURY
Year of publication 2016
300 ## - PHYSICAL DESCRIPTION
Number of Pages 693
490 ## - SERIES STATEMENT
Series statement A THRONE OF GLASS SERIES
520 ## - SUMMARY, ETC.
Summary, etc Maas. “Empire of Storms,” the fifth installment in Sarah J. Maas's “Throne of Glass” series, continues the epic journey of Aelin Galathynius as she seeks to reclaim her throne, protect her people, and defeat the dark forces threatening her world.
650 ## - SUBJECT ADDED ENTRY--TOPICAL TERM
Topical Term ENGLISH FANTACY NOVEL
942 ## - ADDED ENTRY ELEMENTS (KOHA)
Koha item type Books
Holdings
Withdrawn status Lost status Collection code Home library Current library Shelving location Date acquired Source of acquisition Cost, normal purchase price Full call number Accession Number Koha item type
    Fiction Main Library Main Library NEW SHELF WITH NEW ENTRY 26/10/2023 PURCHASED 599.00 823 MAA/E 13215 Books